[Event "3rd EUR-ch (w)"]
[Site "Varna BUL"]
[Date "2002.06.07"]
[Round "11.31"]
[White "Bogza, Adina"]
[Black "Bosboom-Lanchava, Tea"]
[Result "0-1"]
[WhiteElo "2251"]
[BlackElo "2330"]
[EventDate "2002.05.27"]
[PlyCount "152"]

1.Nf3 d6 2.d4 Nf6 3.g3 Bf5 4.Bg2 Qc8 5.c3 g6 6.Qb3 Be6 7.c4 c6 8.Ng5 Bg4 
9.Nc3 h6 10.Nf3 Bg7 11.O-O O-O 12.Re1 Nbd7 13.h3 Be6 14.Kh2 b5 15.Nd2 Nb6 
16.e4 bxc4 17.Qa3 Qc7 18.f4 d5 19.e5 Nh7 20.Nf3 Rfb8 21.g4 Qd7 22.Qc5 Bf8 
23.Nh4 a5 24.f5 gxf5 25.gxf5 Bxf5 26.Nxf5 Qxf5 27.e6 fxe6 28.Qxc6 Ng5 29.
Re5 Nf3+ 30.Bxf3 Qxf3 31.Qxe6+ Qf7 32.Qg4+ Kh7 33.Bf4 Nd7 34.Re2 Rb6 35.
Bc7 Rf6 36.Rg1 e6 37.Reg2 h5 38.Qe2 Bh6 39.Nb5 Ra6 40.Bd8 Rf5 41.Kh1 e5 
42.dxe5 Rxe5 43.Qc2+ Qf5 44.Qxf5+ Rxf5 45.Nd4 Rf4 46.Re2 Re4 47.Rxe4 dxe4 
48.Nf5 Nc5 49.Be7 Nd3 50.Nd6 e3 51.Nxc4 e2 52.Bh4 a4 53.Be1 Rc6 54.b3 Bf4 
55.Bc3 h4 56.Rg7+ Kh6 57.Re7 axb3 58.axb3 Nc1 59.Re4 Bg3 60.Bd2+ Kh5 61.b4
Rf6 62.Ne5 Rf4 63.Kg2 Rf2+ 64.Kh1 e1=Q+ 65.Rxe1 Rf1+ 66.Kg2 Rxe1 67.Bxe1 
Bxe1 68.b5 Bg3 69.Nf3 Nb3 70.b6 Nc5 71.Nxh4 Kxh4 72.Kf3 Nd7 73.b7 Nc5 74.
Ke3 Nxb7 75.Kd4 Nd6 76.Kd5 Kxh3 0-1

[Event "3rd EUR-ch (w)"]
[Site "Varna BUL"]
[Date "2002.06.07"]
[Round "11.33"]
[White "Dimovski, Aleksandra"]
[Black "Zakurdyaeva, Irina"]
[Result "1-0"]
[WhiteElo "2114"]
[BlackElo "2318"]
[EventDate "2002.05.27"]
[PlyCount "116"]

1.e4 c5 2.Nf3 e6 3.d4 cxd4 4.Nxd4 Qc7 5.Nc3 Nc6 6.Nb3 Nf6 7.Bd3 Ne5 8.f4 
Nxd3+ 9.cxd3 Bb4 10.O-O Bxc3 11.bxc3 b6 12.Ba3 Ba6 13.e5 Nd5 14.c4 Ne7 15.
Qg4 Nf5 16.Nd2 Bb7 17.Ne4 O-O-O 18.Nd6+ Nxd6 19.Bxd6 Qc6 20.a4 f5 21.Qe2 
Rdg8 22.d4 g5 23.Rfd1 Qe4 24.Qxe4 Bxe4 25.fxg5 Rxg5 26.Ra2 Rhg8 27.Rdd2 h5
28.Rab2 f4 29.c5 f3 30.cxb6 axb6 31.g3 Kb7 32.a5 h4 33.Rxb6+ Ka7 34.Kf2 
Rxg3 35.Rdb2 Rg2+ 36.Ke3 Rxb2 37.Rxb2 Bc6 38.Rf2 h3 39.Bc5+ Ka6 40.Bb6 Rg1
41.Kf4 Rg2 42.Ke3 Bd5 43.Bd8 Kb5 44.Bb6 Kc4 45.a6 Kb5 46.Bd8 Kxa6 47.Bh4 
Kb5 48.Rxg2 hxg2 49.Bf2 Kc4 50.Kf4 Kc3 51.h4 Bb3 52.h5 Bc2 53.h6 Bf5 54.
Kxf3 Kd3 55.Kxg2 Ke4 56.Kg3 Bh7 57.Kg4 Kd5 58.Kg5 d6 1-0

[Event "3rd EUR-ch (w)"]
[Site "Varna BUL"]
[Date "2002.06.07"]
[Round "11.36"]
[White "Lahno, Kateryna"]
[Black "Johansson, Victoria"]
[Result "1/2-1/2"]
[WhiteElo "2277"]
[BlackElo "2189"]
[EventDate "2002.05.27"]
[PlyCount "78"]

1.e4 c6 2.d4 d5 3.e5 Bf5 4.c3 e6 5.Be3 Nd7 6.Qb3 Qc7 7.Nf3 Ne7 8.Nbd2 c5 
9.Be2 Nc6 10.O-O Be7 11.Ne1 Rc8 12.g4 cxd4 13.cxd4 Bg6 14.f4 f5 15.h3 Qb6 
16.Qxb6 Nxb6 17.Rc1 Kd7 18.Nd3 Na8 19.Nc5+ Bxc5 20.dxc5 Nc7 21.Nb3 a6 22.
a3 h5 23.g5 Rhd8 24.Nd4 Nxd4 25.Bxd4 Be8 26.g6 Bxg6 27.Kh2 Bf7 28.Rg1 g6 
29.b4 Nb5 30.Bb2 Na7 31.a4 Nc6 32.Bc3 Ra8 33.Ra1 Rac8 34.Rgc1 Ne7 35.Bd4 
Nc6 36.Bc3 Ne7 37.Bd4 Nc6 38.Bc3 Ne7 39.Bd4 Nc6 1/2-1/2

[Event "3rd EUR-ch (w)"]
[Site "Varna BUL"]
[Date "2002.06.07"]
[Round "11.37"]
[White "Mira, Helene"]
[Black "Krivec, Jana"]
[Result "1/2-1/2"]
[WhiteElo "2127"]
[BlackElo "2271"]
[EventDate "2002.05.27"]
[PlyCount "82"]

1.d4 d5 2.Nf3 Nf6 3.c4 dxc4 4.e3 e6 5.Bxc4 c5 6.O-O a6 7.Bb3 Nc6 8.a3 Be7 
9.dxc5 Qxd1 10.Rxd1 Bxc5 11.Nc3 O-O 12.Bd2 Ba7 13.Rac1 Bd7 14.Be1 Rfd8 15.
Ba2 b5 16.Bb1 Be8 17.Ne4 Nd5 18.Nc5 Bb6 19.Ba2 Nce7 20.Ne5 Rdc8 21.Ned3 a5
22.e4 Nf6 23.e5 Nfd5 24.Ne4 Rxc1 25.Rxc1 Bc6 26.Nd6 Rd8 27.Kf1 Nc7 28.b4 
a4 29.Nc5 Bd5 30.Bb1 f6 31.exf6 gxf6 32.Nde4 Bc4+ 33.Kg1 Ned5 34.g3 f5 35.
Nc3 Kf7 36.N3xa4 Ra8 37.Nxb6 Nxb6 38.Nd3 Rxa3 39.Ne5+ Ke7 40.Bd3 Bxd3 41.
Nxd3 Nbd5 1/2-1/2

[Event "3rd EUR-ch (w)"]
[Site "Varna BUL"]
[Date "2002.06.07"]
[Round "11.38"]
[White "Kaps, Darja"]
[Black "Besheva, Svetla"]
[Result "1/2-1/2"]
[WhiteElo "2251"]
[BlackElo "2125"]
[EventDate "2002.05.27"]
[PlyCount "99"]

1.e4 c5 2.Nf3 d6 3.d4 cxd4 4.Nxd4 Nf6 5.Nc3 a6 6.Bc4 e6 7.Bb3 Nbd7 8.f4 
Nc5 9.f5 Bd7 10.O-O b5 11.fxe6 fxe6 12.Bg5 Be7 13.a3 Nxb3 14.cxb3 O-O 15.
Qd2 Qe8 16.b4 Qh5 17.h3 h6 18.Be3 Rad8 19.Rac1 Qg6 20.Qc2 Nh7 21.Nce2 Rc8 
22.Qd3 Rxf1+ 23.Rxf1 Ng5 24.Nf4 Qxe4 25.Qxe4 Nxe4 26.Nfxe6 Bf6 27.Nf4 Rc4 
28.Rd1 Be5 29.Nd5 Ng3 30.Kf2 Bxd4 31.Bxd4 Nf5 32.Bc3 Be6 33.g4 Nh4 34.Kg3 
Ng6 35.Ne3 Rc6 36.Nf5 Bxf5 37.gxf5 Ne7 38.f6 gxf6 39.Bxf6 Kf7 40.Bc3 Ng6 
41.Rf1+ Ke7 42.Rf5 Kd7 43.Rh5 Ne7 44.Bf6 Rc2 45.Kf3 Ng8 46.Bc3 Kc6 47.Kf4 
Rf2+ 48.Ke3 Rg2 49.Kf3 Rc2 50.Kf4 1/2-1/2

[Event "3rd EUR-ch (w)"]
[Site "Varna BUL"]
[Date "2002.06.07"]
[Round "11.39"]
[White "Shaidullina, Sandugach"]
[Black "Sarakauskiene, Zivile"]
[Result "1/2-1/2"]
[WhiteElo "2245"]
[BlackElo "2105"]
[EventDate "2002.05.27"]
[PlyCount "75"]

1.d4 Nf6 2.c4 e6 3.Nf3 Bb4+ 4.Bd2 a5 5.g3 O-O 6.Bg2 d5 7.O-O dxc4 8.Qc2 
Nc6 9.Qxc4 Ne4 10.Bf4 g5 11.Be3 f5 12.Ne5 h6 13.Nxc6 bxc6 14.Qxc6 Ra6 15.
Qc2 Bb7 16.a3 Be7 17.Nc3 Nd6 18.Bxb7 Nxb7 19.Rad1 Qe8 20.Qa4 Nd6 21.Qxe8 
Rxe8 22.Na4 Nc4 23.Bc1 Rb8 24.Rd3 Nb6 25.Rb3 Rd8 26.Nc5 Bxc5 27.dxc5 a4 
28.Rb4 Nd5 29.Rd1 Raa8 30.Rc4 Kf7 31.f3 Nf6 32.h4 Kg6 33.hxg5 hxg5 34.Rd3 
e5 35.e4 f4 36.g4 Kf7 37.Bd2 Rh8 38.c6 1/2-1/2

[Event "3rd EUR-ch (w)"]
[Site "Varna BUL"]
[Date "2002.06.07"]
[Round "11.40"]
[White "Hlgatian, Goar"]
[Black "Topel, Zehra"]
[Result "1-0"]
[WhiteElo "2239"]
[BlackElo "2023"]
[EventDate "2002.05.27"]
[PlyCount "41"]

1.e4 c6 2.d4 d5 3.Nc3 dxe4 4.Nxe4 Nd7 5.c3 Ngf6 6.Nxf6+ Nxf6 7.Bc4 e6 8.
Nf3 Be7 9.O-O O-O 10.Qe2 c5 11.dxc5 Bxc5 12.Bg5 Be7 13.Rad1 Qc7 14.Rfe1 
Bd7 15.Ne5 Rfd8 16.Nxf7 Kxf7 17.Rxd7 Rxd7 18.Qxe6+ Kg6 19.Qf7+ Kxg5 20.
Qxg7+ Kf5 21.Be6+ 1-0

[Event "3rd EUR-ch (w)"]
[Site "Varna BUL"]
[Date "2002.06.07"]
[Round "11.43"]
[White "Gunther, Anetta"]
[Black "Makka, Ioulia"]
[Result "1/2-1/2"]
[WhiteElo "2116"]
[BlackElo "2188"]
[EventDate "2002.05.27"]
[PlyCount "105"]

1.e4 c6 2.d4 d5 3.Nc3 dxe4 4.Nxe4 Nd7 5.Nf3 Ngf6 6.Nxf6+ Nxf6 7.Bc4 e6 8.
O-O Qc7 9.Re1 Bd6 10.h3 O-O 11.Qe2 b6 12.Bd3 Re8 13.Ne5 Bb7 14.c3 c5 15.
Bb5 Rec8 16.dxc5 Qxc5 17.Bd3 Qd5 18.f4 Bxe5 19.fxe5 Nd7 20.Be4 Qxe4 21.
Qxe4 Bxe4 22.Rxe4 Nc5 23.Rd4 Rd8 24.Bg5 Rxd4 25.cxd4 Nd3 26.b3 Nb4 27.a4 
Rc8 28.Rc1 Rxc1+ 29.Bxc1 Nc6 30.Bb2 Kf8 31.Kf2 Ke7 32.Ke2 Kd7 33.Kd3 Ne7 
34.Kc4 Kc6 35.b4 a6 36.b5+ axb5+ 37.axb5+ Kd7 38.Bc1 Nd5 39.g4 h6 40.h4 
Ke8 41.Bd2 Kf8 42.Bc1 Kg8 43.Ba3 Kh7 44.Bc1 Kg6 45.h5+ Kh7 46.Bd2 Kg8 47.
Bc1 Kf8 48.g5 hxg5 49.Bxg5 Kg8 50.Kd3 Kh7 51.Kc4 Kg8 52.Kd3 Kh7 53.Kc4 
1/2-1/2

[Event "3rd EUR-ch (w)"]
[Site "Varna BUL"]
[Date "2002.06.07"]
[Round "11.45"]
[White "Milliet, Sophie"]
[Black "Gerasimovich, Olga"]
[Result "0-1"]
[WhiteElo "2163"]
[BlackElo "2153"]
[EventDate "2002.05.27"]
[PlyCount "96"]

1.e4 d5 2.exd5 Qxd5 3.Nc3 Qa5 4.d4 Nf6 5.Nf3 c6 6.Bd2 Bf5 7.Bc4 e6 8.Nd5 
Qd8 9.Nxf6+ gxf6 10.c3 Nd7 11.Nh4 Bg6 12.Qf3 Qc7 13.Qh3 Bg7 14.O-O O-O-O 
15.f4 f5 16.b4 Nf6 17.Qe3 Ne4 18.Bd3 Nxd2 19.Qxd2 Bh5 20.Qe3 Bf6 21.Nf3 
Bxf3 22.Qxf3 Rhg8 23.a4 Qd6 24.Be2 Qd5 25.Qxd5 cxd5 26.Bh5 Rd7 27.Rf3 Kd8 
28.Rh3 Ke7 29.Be2 Rc7 30.Rd1 Rgc8 31.Rxh7 Rxc3 32.Bh5 Rf8 33.Be2 Ra3 34.
Rc1 Bxd4+ 35.Kf1 Rxa4 36.Bh5 Ra1 37.Rxa1 Bxa1 38.b5 a5 39.bxa6 bxa6 40.Ke2
a5 41.Kd3 a4 42.Kc2 a3 43.Kb3 Bb2 44.Be2 Rc8 45.Bh5 d4 46.Rxf7+ Kd6 47.g4 
Rh8 48.gxf5 Rxh5 0-1

[Event "3rd EUR-ch (w)"]
[Site "Varna BUL"]
[Date "2002.06.07"]
[Round "11.46"]
[White "Zlatanova, Emilia"]
[Black "Karahaliou, Elia"]
[Result "1/2-1/2"]
[WhiteElo "2137"]
[BlackElo "2058"]
[EventDate "2002.05.27"]
[PlyCount "100"]

1.e4 c5 2.Nf3 Nc6 3.Nc3 e6 4.g3 a6 5.Bg2 Nf6 6.O-O Be7 7.d4 cxd4 8.Nxd4 
Qc7 9.Kh1 O-O 10.f4 Nxd4 11.Qxd4 d5 12.e5 Bc5 13.Qd1 Nd7 14.Ne2 b5 15.Nd4 
b4 16.Be3 Nb6 17.b3 Bd7 18.Rf2 Nc8 19.Rc1 Ne7 20.c3 bxc3 21.Rxc3 Qa5 22.
Rfc2 Rac8 23.Nc6 Rxc6 24.Bxc5 Rfc8 25.b4 Qd8 26.Ra3 Ra8 27.Bf1 g6 28.b5 
Rxc5 29.Rxc5 Bxb5 30.Bxb5 axb5 31.Rxa8 Qxa8 32.Rxb5 Qxa2 33.Qb1 Qf2 34.Rb2
Qf3+ 35.Kg1 Nf5 36.Qf1 Qe3+ 37.Qf2 Qc1+ 38.Kg2 Kg7 39.Re2 d4 40.g4 Ne3+ 
41.Kh3 Nd5 42.Rd2 Qc3+ 43.Kh4 Ne3 44.Ra2 Qc6 45.Rd2 Qe4 46.Re2 h6 47.Kg3 
Qd3 48.Kh4 Qe4 49.Kg3 Qd3 50.Kh4 Qe4 1/2-1/2

[Event "3rd EUR-ch (w)"]
[Site "Varna BUL"]
[Date "2002.06.07"]
[Round "11.47"]
[White "Bratimirova, Dimitrinka"]
[Black "Bednikova, Stefi"]
[Result "1-0"]
[WhiteElo "2076"]
[BlackElo "2184"]
[EventDate "2002.05.27"]
[PlyCount "138"]

1.e4 c5 2.Nf3 d6 3.d4 cxd4 4.Nxd4 Nf6 5.Nc3 a6 6.a4 e6 7.Be2 Be7 8.Be3 O-O
9.O-O Nc6 10.f4 Qc7 11.Qd2 b6 12.Nb3 Rd8 13.Bf3 Rb8 14.Qf2 Nb4 15.Rad1 Nc6
16.Kh1 b5 17.axb5 axb5 18.e5 Nd7 19.exd6 Bxd6 20.Be2 Ba6 21.f5 Nf8 22.fxe6
fxe6 23.Ne4 Be5 24.Rxd8 Rxd8 25.Bb6 Qe7 26.Bxd8 Nxd8 27.Nbc5 Bb7 28.Nxb7 
Nxb7 29.c3 b4 30.Bg4 Ng6 31.Ng5 Nd8 32.Ne4 bxc3 33.bxc3 h6 34.g3 Qb7 35.
Bf3 Qf7 36.Bh5 Qxf2 37.Rxf2 Ne7 38.c4 g6 39.Bg4 Nf5 40.c5 Kf7 41.Bd1 Ke7 
42.Ba4 Ne3 43.Rd2 Nd5 44.Bb3 Nc7 45.Ra2 Nc6 46.Nf2 Bd4 47.Nd3 Ne5 48.Nxe5 
Bxe5 49.Rd2 Na6 50.c6 Bd6 51.Kg2 Nb4 52.Ba4 Nd5 53.Kf3 Bc7 54.Bb3 Kd6 55.
Ke4 Kxc6 56.Bxd5+ exd5+ 57.Rxd5 Bd6 58.Rd1 h5 59.Rd2 Bb4 60.Rd5 h4 61.Rg5 
hxg3 62.hxg3 Kd6 63.Rxg6+ Ke7 64.Kf5 Bc3 65.g4 Kf7 66.Rb6 Ba5 67.Ra6 Bc3 
68.Ra7+ Kf8 69.Kg6 Bd4 1-0

[Event "3rd EUR-ch (w)"]
[Site "Varna BUL"]
[Date "2002.06.07"]
[Round "11.48"]
[White "Cavusoglu, Yildiz"]
[Black "Ismailova, Aytaj"]
[Result "1/2-1/2"]
[WhiteElo "2036"]
[BlackElo "2157"]
[EventDate "2002.05.27"]
[PlyCount "33"]

1.d4 d5 2.c4 e6 3.Nc3 Nf6 4.cxd5 exd5 5.Bg5 Be7 6.Qc2 c6 7.e3 Nbd7 8.Bd3 
O-O 9.Nf3 Re8 10.O-O Nf8 11.Rfb1 a5 12.b3 Bg4 13.Ne5 Bh5 14.h3 N6d7 15.
Bxe7 Qxe7 16.Nxd7 Qxd7 17.a3 1/2-1/2

[Event "3rd EUR-ch (w)"]
[Site "Varna BUL"]
[Date "2002.06.07"]
[Round "11.49"]
[White "Smochina, Carolina"]
[Black "Shtereva, Slaveja"]
[Result "1/2-1/2"]
[WhiteElo "2143"]
[BlackElo "2071"]
[EventDate "2002.05.27"]
[PlyCount "108"]

1.c4 f5 2.g3 Nf6 3.Bg2 g6 4.Nc3 Bg7 5.d4 O-O 6.e3 d6 7.Nf3 Qe8 8.d5 e6 9.
dxe6 Qxe6 10.Nd5 Nxd5 11.cxd5 Qe7 12.O-O Nd7 13.Nd4 Nc5 14.b4 Ne4 15.Qd3 
Bd7 16.Rb1 Rfc8 17.Bb2 Be8 18.g4 Bd7 19.gxf5 gxf5 20.Ne2 Bxb2 21.Rxb2 a6 
22.Qd4 Nf6 23.Nf4 Qe5 24.Rd2 a5 25.Rb1 b6 26.b5 a4 27.Qxe5 dxe5 28.Nd3 e4 
29.Ne5 Ra5 30.Bf1 Kf8 31.Bc4 Ke7 32.Nc6+ Bxc6 33.dxc6 Raa8 34.Rbd1 Rd8 35.
Rxd8 Rxd8 36.Rxd8 Kxd8 37.Be6 Ke7 38.Bxf5 Kd6 39.f3 Kc5 40.fxe4 Kxb5 41.e5
Nd5 42.Bxh7 Kxc6 43.Be4 Kc5 44.e6 Ne7 45.Bf3 Kd6 46.Bg4 b5 47.Kf1 b4 48.
Bd1 b3 49.a3 Kxe6 50.Ke2 Ke5 51.Kd3 Nf5 52.Bf3 b2 53.Kc2 Nxe3+ 54.Kxb2 
Nc4+ 1/2-1/2

[Event "3rd EUR-ch (w)"]
[Site "Varna BUL"]
[Date "2002.06.07"]
[Round "11.50"]
[White "Stoilkovska, Sanja"]
[Black "Lauterbach, Ingrid"]
[Result "0-1"]
[WhiteElo "2049"]
[BlackElo "2127"]
[EventDate "2002.05.27"]
[PlyCount "90"]

1.e4 c5 2.Nf3 e6 3.d4 cxd4 4.Nxd4 a6 5.Nc3 Qc7 6.Bd3 Nf6 7.O-O Bc5 8.Be3 
d6 9.Qe2 Nbd7 10.Kh1 b5 11.a3 Bb7 12.Nb3 Bxe3 13.Qxe3 O-O 14.f4 Rfe8 15.
Rad1 e5 16.f5 Nc5 17.Nd2 Rad8 18.Rf3 d5 19.Rg3 Nh5 20.Rg5 Nf4 21.Nxd5 Nxd5
22.exd5 f6 23.Rg3 Nxd3 24.cxd3 Rxd5 25.Ne4 Kh8 26.Rc1 Qe7 27.Qb6 Rd7 28.h3
Red8 29.Rc3 Bc8 30.Rf3 Qe8 31.g4 Bb7 32.Qe3 Rd4 33.Kh2 Bxe4 34.dxe4 Qd7 
35.Rf2 Qb7 36.Re2 h6 37.h4 b4 38.axb4 Rxb4 39.g5 Rdd4 40.gxh6 Rxe4 41.
hxg7+ Kg8 42.Qg3 Rxh4+ 43.Kg1 Qh1+ 44.Kf2 Rh2+ 45.Ke3 Rb8 0-1

[Event "3rd EUR-ch (w)"]
[Site "Varna BUL"]
[Date "2002.06.07"]
[Round "11.52"]
[White "Jiretorn, Eva"]
[Black "Doncheva, Marinela"]
[Result "1-0"]
[WhiteElo "2114"]
[BlackElo "2077"]
[EventDate "2002.05.27"]
[PlyCount "89"]

1.d4 Nf6 2.c4 g6 3.Nc3 Bg7 4.e4 d6 5.Nf3 O-O 6.Be2 Nbd7 7.O-O e5 8.Re1 c6 
9.Rb1 a5 10.Bf1 Re8 11.b3 exd4 12.Nxd4 d5 13.cxd5 cxd5 14.Ndb5 Nb6 15.Bf4 
Re7 16.e5 Ne8 17.Qd2 Be6 18.Nd6 Nxd6 19.exd6 Re8 20.Nb5 Rf8 21.Nc7 Rc8 22.
Qxa5 Nd7 23.Qb5 Bc3 24.Red1 Qf6 25.Bh6 Rfd8 26.Nxd5 Bxd5 27.Qxd5 Rc5 28.
Qe4 Re5 29.Qxb7 Rh5 30.Be3 Be5 31.g3 Bxd6 32.Be2 Ra5 33.a4 Ne5 34.Qb6 Rda8
35.Qd4 Rd8 36.Qe4 Re8 37.Qg2 Raa8 38.h4 Bb4 39.Bg5 Qb6 40.Be3 Bc5 41.Bxc5 
Qxc5 42.Qd5 Qb6 43.a5 Qf6 44.b4 Nc6 45.Bb5 1-0